Fr. Conceicao Rodrigues College of Engineering

Network theory analysis and synthesis (Record no. 25572)

MARC details
000 -LEADER
fixed length control field 00291nam a2200133Ia 4500
082 ## - DEWEY DECIMAL CLASSIFICATION NUMBER
Classification number 4.6
Item number SAT
100 ## - MAIN ENTRY--PERSONAL NAME
Personal name Satyanarayana/S
245 ## - TITLE STATEMENT
Title Network theory analysis and synthesis
260 ## - PUBLICATION, DISTRIBUTION, ETC.
Name of publisher, distributor, etc. Technova
Place of publication, distribution, etc. Pune
Date of publication, distribution, etc. 1995
300 ## - PHYSICAL DESCRIPTION
Extent 482
546 ## - LANGUAGE NOTE
Language note ENGLISH
654 ## - SUBJECT ADDED ENTRY--FACETED TOPICAL TERMS
Focus term Network
942 ## - ADDED ENTRY ELEMENTS (KOHA)
Koha item type BOOK
Holdings
Withdrawn status Lost status Damaged status Not for loan Collection Home library Current library Date acquired Total Checkouts Full call number Barcode Date last seen Price effective from Koha item type
        CRC Fr. Agnel's C.Rodrigues College of Engineering Fr. Agnel's C.Rodrigues College of Engineering 17/03/2023   4.6 SAT 11644 17/03/2023 17/03/2023 BOOK
        CRC Fr. Agnel's C.Rodrigues College of Engineering Fr. Agnel's C.Rodrigues College of Engineering 17/03/2023   005.13 'U' 7329 17/03/2023 17/03/2023 BOOK